[Event "Open Loire 2008-2009"]
[Site "Loire"]
[Date "2009.03.07"]
[Round "7.6"]
[White "Megnot, Philippe"]
[Black "Rasle, Jean-Michel"]
[Result "0-1"]
[WhiteElo "1450"]
[BlackElo "1620"]
[PlyCount "94"]
[EventDate "2009.??.??"]

1. e4 e6 2. d4 d5 3. exd5 exd5 4. Bd3 Bd6 5. Nf3 Nf6 6. O-O O-O 7. Bg5 Bg4 8.
Re1 Bxf3 9. Qxf3 Nbd7 10. c3 c6 11. Nd2 Qc7 12. h3 h6 13. Bh4 g5 14. Bg3 Bxg3
15. fxg3 Rfe8 16. Nf1 a6 17. Nh2 Qd6 18. Ng4 Nxg4 19. Qxg4 Nf6 20. Qf5 Re7 21.
Rxe7 Qxe7 22. Rf1 Kg7 23. Rf2 Qe1+ 24. Kh2 Qe6 25. Qf3 Re8 26. Re2 Ne4 27. b3
Re7 28. c4 f5 29. Re1 Qd6 30. cxd5 cxd5 31. Kg1 Qf6 32. Bxe4 fxe4 33. Qxf6+
Kxf6 34. Kf2 Rc7 35. Re2 Rc3 36. Re3 Rc7 37. a4 b5 38. axb5 axb5 39. g4 b4 40.
Ke2 Rc2+ 41. Kf1 Ke6 42. Ke1 Kd6 43. g3 Kc6 44. h4 Rc3 45. Kd2 Kb5 46. Rxc3
bxc3+ 47. Kxc3 Ka5 0-1

[Event "Open Loire 2008-2009"]
[Site "Loire"]
[Date "2009.03.07"]
[Round "7.7"]
[White "Kotur, Sava"]
[Black "Brachet, Gerard"]
[Result "0-1"]
[WhiteElo "1650"]
[BlackElo "1400"]
[PlyCount "114"]
[EventDate "2009.??.??"]

1. d4 d5 2. Nf3 Nc6 3. a3 g6 4. e3 Bg7 5. Be2 Nf6 6. O-O O-O 7. c4 dxc4 8. Bxc4
e6 9. Nc3 a6 10. Bd3 Qd6 11. Ne4 Nxe4 12. Bxe4 Bd7 13. Bd3 Rad8 14. Be2 b5 15.
Bd2 e5 16. Bc3 e4 17. Nd2 Rfe8 18. Nb3 Rb8 19. Nc5 Rb6 20. Qb1 f5 21. Qe1 h6
22. Ba5 Nxa5 23. Qxa5 Re7 24. Qc3 Kh7 25. b4 f4 26. Rad1 Bc6 27. f3 fxe3 28. f4
Bd7 29. Qxe3 Qd5 30. Rd2 Rd6 31. Rfd1 Bf6 32. g3 g5 33. Nxd7 Rdxd7 34. Bg4 gxf4
35. gxf4 Rg7 36. Rg2 Bxd4 37. Rxd4 Qxd4 38. Qxd4 Rxd4 39. h3 Rd3 40. Bf5+ Kh8
41. Bxe4 Rxa3 42. Kh1 Rxg2 43. Kxg2 Ra4 44. Bb7 Rxb4 45. Bxa6 Kg7 46. Kf3 h5
47. h4 Kf6 48. Bb7 Rb3+ 49. Ke4 Rc3 50. Kd4 b4 51. Be4 c5+ 52. Kd5 Rc1 53. Bd3
b3 54. f5 b2 55. Be4 c4 56. Kd4 c3 57. Kc4 c2 0-1

[Event "Open Loire 2008-2009"]
[Site "Loire"]
[Date "2009.03.07"]
[Round "7.8"]
[White "Desassis, Jean-Francois"]
[Black "Buisine, Roman"]
[Result "1-0"]
[WhiteElo "1520"]
[BlackElo "1590"]
[PlyCount "76"]
[EventDate "2009.??.??"]

1. d4 Nf6 2. Nf3 g6 3. Bf4 Bg7 4. Qd2 d6 5. Bh6 O-O 6. Bxg7 Kxg7 7. e3 Bf5 8.
Bc4 Nbd7 9. Nc3 c5 10. Nh4 Be4 11. f3 Nb6 12. Bb3 Bc6 13. a3 c4 14. Ba2 Qd7 15.
f4 Qg4 16. Qf2 Ne4 17. Nxe4 Bxe4 18. h3 Qd7 19. O-O Rac8 20. f5 e6 21. f6+ Kg8
22. Qf4 Nd5 23. Qxe4 Qd8 24. Qf3 g5 25. Qh5 Kh8 26. Nf3 Rg8 27. Nxg5 Rxg5 28.
Qxg5 Qg8 29. Qxg8+ Rxg8 30. Rae1 b5 31. e4 Nb6 32. b3 cxb3 33. cxb3 Nd7 34. Rc1
Rf8 35. b4 Re8 36. Rc7 Nf8 37. Rxf7 Ng6 38. Rxa7 Rf8 1-0

[Event "Open Loire 2008-2009"]
[Site "Loire"]
[Date "2009.03.07"]
[Round "7.9"]
[White "Chabas, Jean-Luc"]
[Black "Schlick, Paul"]
[Result "1-0"]
[WhiteElo "1570"]
[BlackElo "1380"]
[PlyCount "47"]
[EventDate "2009.??.??"]

1. e4 e5 2. Nf3 Nc6 3. Bb5 Qf6 4. O-O Bc5 5. d3 Nd4 6. Nxd4 Bxd4 7. c3 Bb6 8.
Be3 Ne7 9. d4 exd4 10. cxd4 c6 11. e5 Qe6 12. Be2 d6 13. f4 Nd5 14. Qd2 dxe5
15. fxe5 O-O 16. Nc3 Nxe3 17. Qxe3 f6 18. Qe4 fxe5 19. Rxf8+ Kxf8 20. Rf1+ Kg8
21. Bd3 Bxd4+ 22. Kh1 g6 23. Ne2 Bxb2 24. Bc4 1-0

[Event "Open Loire 2008-2009"]
[Site "Loire"]
[Date "2009.03.07"]
[Round "7.10"]
[White "Swietlicki, Jordan"]
[Black "Liogier, Pascal"]
[Result "1-0"]
[WhiteElo "1210"]
[BlackElo "1499"]
[PlyCount "138"]
[EventDate "2009.??.??"]

1. e4 c6 2. d4 d5 3. e5 Bf5 4. Nf3 e6 5. Nc3 Nd7 6. Be2 h6 7. O-O Qb6 8. b3 c5
9. Be3 cxd4 10. Bxd4 Qc7 11. Nb5 Qb8 12. c4 a6 13. Nc3 Ne7 14. Nh4 Bh7 15. f4
Nf5 16. Nxf5 Bxf5 17. cxd5 Be7 18. d6 Bd8 19. Bg4 Bxg4 20. Qxg4 O-O 21. f5 exf5
22. Rxf5 Bb6 23. Bxb6 Nxb6 24. Raf1 Qa7 25. Kh1 Nd7 26. Nd5 Qc5 27. Ne7+ Kh8
28. h3 Nxe5 29. Qe4 Qxd6 30. Rxe5 Rae8 31. Rf3 Qd1+ 32. Kh2 Qd6 33. g3 Qd2+ 34.
Qe2 Qxe2+ 35. Rxe2 Kh7 36. Ree3 f6 37. Nf5 Re5 38. Rxe5 fxe5 39. g4 g6 40. Nh4
Rxf3 41. Nxf3 e4 42. Nd4 e3 43. Kg3 g5 44. Kf3 Kg6 45. Kxe3 h5 46. gxh5+ Kxh5
47. Kf3 Kh4 48. Kg2 g4 49. hxg4 Kxg4 50. a4 Kf4 51. Kf2 Ke4 52. Ne6 Kd5 53. Nd8
b6 54. Ke3 Kc5 55. Kd3 Kb4 56. Kc2 b5 57. axb5 Kxb5 58. Kc3 a5 59. Ne6 Kc6 60.
Kc4 Kb6 61. Nd4 Ka6 62. Kc5 a4 63. b4 a3 64. Nb3 a2 65. Kc6 Ka7 66. b5 Kb8 67.
Kb6 Ka8 68. Kc7 a1=Q 69. Nxa1 Ka7 1-0

[Event "Open Loire 2008-2009"]
[Site "Loire"]
[Date "2009.03.07"]
[Round "7.11"]
[White "Rogues, Jean-Luc"]
[Black "Daillere, Roland"]
[Result "1-0"]
[WhiteElo "1360"]
[BlackElo "1410"]
[PlyCount "89"]
[EventDate "2009.??.??"]

1. e4 d6 2. d4 Nf6 3. Bd3 g6 4. c4 Bg7 5. f3 O-O 6. Be3 e5 7. Ne2 Bd7 8. Nbc3
a6 9. O-O c6 10. d5 cxd5 11. cxd5 a5 12. Qd2 Na6 13. Rac1 Nb4 14. Bc4 b5 15.
Bb3 a4 16. Bc2 Nxc2 17. Qxc2 Rc8 18. Qd3 Rb8 19. a3 b4 20. axb4 Rxb4 21. Rc2
Qb8 22. Rb1 Bb5 23. Nxb5 Rxb5 24. Nc3 Rb3 25. Qa6 Qe8 26. Qxa4 Qxa4 27. Nxa4
Rxe3 28. b4 Nh5 29. b5 Bh6 30. b6 Rb8 31. b7 Rxb7 32. Rxb7 Re1+ 33. Kf2 Ra1 34.
Nc3 Ra3 35. Rd7 Nf4 36. Nb5 Rb3 37. Nxd6 Nd3+ 38. Ke2 Nf4+ 39. Kf2 Nd3+ 40. Kg3
Bf4+ 41. Kh3 Bg5 42. Rc8+ Kg7 43. Rxf7+ Kh6 44. Rh8 Nf4+ 45. Kg4 1-0

[Event "Open Loire 2008-2009"]
[Site "Loire"]
[Date "2009.03.07"]
[Round "7.12"]
[White "Paratcha, Yohan"]
[Black "Joly, Christian"]
[Result "0-1"]
[WhiteElo "1390"]
[BlackElo "1490"]
[PlyCount "73"]
[EventDate "2009.??.??"]

1. e4 d6 2. d4 Nf6 3. Nc3 g6 4. Nf3 Bg7 5. Bc4 Nxe4 6. Nxe4 d5 7. Bd3 dxe4 8.
Bxe4 O-O 9. O-O Nd7 10. Be3 Nf6 11. Bd3 c6 12. c4 a6 13. h3 b5 14. b3 Bb7 15.
Re1 Rc8 16. Rb1 e6 17. Qd2 Re8 18. a4 bxa4 19. bxa4 Qc7 20. Bf4 Qe7 21. Bc2
Red8 22. Bg5 Ba8 23. Re5 Qd7 24. Ra5 Qc7 25. Rd1 Rd7 26. Ne5 Rd6 27. Qf4 Nh5
28. Qe4 f6 29. Nf3 fxg5 30. Nxg5 Nf6 31. Qe3 Re8 32. Bb3 Bh6 33. Re5 Qd7 34. c5
Nd5 35. Bxd5 Rxd5 36. f4 Rxe5 37. Qxe5 0-1

[Event "Open Loire 2008-2009"]
[Site "Loire"]
[Date "2009.03.07"]
[Round "7.13"]
[White "Martin, Julien"]
[Black "Massard, Quentin"]
[Result "0-1"]
[WhiteElo "1450"]
[BlackElo "1200"]
[PlyCount "30"]
[EventDate "2009.??.??"]

1. e4 e5 2. Nf3 Nc6 3. d4 Bd6 4. Bb5 Nge7 5. O-O O-O 6. d5 Nd4 7. Nxd4 exd4 8.
Qxd4 c6 9. dxc6 dxc6 10. Bd3 c5 11. Qe3 Ng6 12. Nc3 Qh4 13. g3 Qh3 14. Ne2 Nh4
15. Nf4 Bxf4 0-1

[Event "Open Loire 2008-2009"]
[Site "Loire"]
[Date "2009.03.07"]
[Round "7.14"]
[White "Allabrune, Guillaume"]
[Black "Rasle, Corentin"]
[Result "0-1"]
[WhiteElo "1250"]
[BlackElo "1420"]
[PlyCount "56"]
[EventDate "2009.??.??"]

1. e4 e6 2. d4 d5 3. Nc3 Bb4 4. Bd2 Nf6 5. e5 Nfd7 6. Nf3 c5 7. Bb5 a6 8. Ba4
b5 9. Bxb5 axb5 10. Nxb5 Bxd2+ 11. Qxd2 O-O 12. O-O Ba6 13. a4 Nc6 14. Ra2 cxd4
15. Rfa1 Ndxe5 16. Nxe5 Nxe5 17. Qxd4 Nd7 18. Qc3 Nb6 19. Qc7 Qxc7 20. Nxc7 Ra7
21. a5 Nc4 22. Nxa6 Rxa6 23. b4 Rb8 24. Rb1 Rb5 25. c3 Kf8 26. Rba1 Ke7 27. Kf1
Kd6 28. f4 f6 0-1

[Event "Open Loire 2008-2009"]
[Site "Loire"]
[Date "2009.03.07"]
[Round "7.15"]
[White "Boeuf, Jean Julien"]
[Black "Laffin, Mickael"]
[Result "1-0"]
[WhiteElo "1280"]
[BlackElo "1199"]
[PlyCount "63"]
[EventDate "2009.??.??"]

1. e4 e5 2. Nf3 Nc6 3. Bc4 Nf6 4. d3 Bc5 5. c3 d6 6. O-O a6 7. Bb3 Bg4 8. Nbd2
O-O 9. Re1 b5 10. Nf1 a5 11. h3 Bxf3 12. Qxf3 a4 13. Bc2 a3 14. b4 Bb6 15. Bg5
h6 16. Bxf6 Qxf6 17. Qxf6 gxf6 18. Bb3 Ne7 19. Ne3 c6 20. Ng4 Kg7 21. Rad1 f5
22. Ne3 f4 23. Nc2 Ng6 24. d4 Nh4 25. dxe5 dxe5 26. Rd6 f3 27. g3 Ng2 28. Red1
f5 29. exf5 Rxf5 30. Rxc6 Ba7 31. Rd7+ Kh8 32. Rxh6# 1-0

[Event "Open Loire 2008-2009"]
[Site "Loire"]
[Date "2009.03.07"]
[Round "7.16"]
[White "Victoria, Philippe"]
[Black "Choquelle, Jean"]
[Result "1-0"]
[WhiteElo "1199"]
[BlackElo "1120"]
[PlyCount "69"]
[EventDate "2009.??.??"]

1. c4 c5 2. Nf3 Nc6 3. g3 Nf6 4. Bg2 e5 5. Nc3 d5 6. Qb3 d4 7. Nd5 Bd6 8. O-O
O-O 9. d3 Re8 10. e4 h6 11. Bd2 g5 12. Rfe1 Kh7 13. Nxg5+ hxg5 14. Bxg5 Re6 15.
Bh3 Qg8 16. Bf5+ Kg7 17. Bxe6 Bxe6 18. Bxf6+ Kh7 19. Qxb7 Rb8 20. Qxc6 Rf8 21.
Qxd6 Bg4 22. Rf1 Bf3 23. Ne7 Qg4 24. Qxe5 Qh3 25. Qf5+ Qxf5 26. Nxf5 Kg6 27.
Be7 Rh8 28. h4 Kh5 29. Kh2 Kg4 30. Bxc5 Rc8 31. Bxd4 a5 32. Nh6+ Kh5 33. Nxf7
a4 34. Rg1 Kg6 35. Ne5+ 1-0

[Event "Open Loire 2008-2009"]
[Site "Loire"]
[Date "2009.03.07"]
[Round "8.1"]
[White "Jan, Christophe"]
[Black "Carteron, Olivier"]
[Result "1/2-1/2"]
[WhiteElo "1700"]
[BlackElo "1660"]
[PlyCount "50"]
[EventDate "2009.??.??"]

1. e4 e6 2. d4 d5 3. Nc3 Nf6 4. e5 Nfd7 5. f4 c5 6. Nf3 cxd4 7. Nxd4 Nc6 8. Nb3
f6 9. Bd3 g6 10. Qg4 f5 11. Qg3 Bb4 12. Bd2 a6 13. h4 Nc5 14. Nxc5 Bxc5 15. h5
Kf7 16. O-O-O Qg8 17. Rh3 gxh5 18. Qh4 Be7 19. Qxh5+ Qg6 20. Be2 Bd7 21. Rdh1
Qxh5 22. Bxh5+ Kf8 23. Bg6 h6 24. Rxh6 Rxh6 25. Rxh6 Kg7 1/2-1/2

[Event "Open Loire 2008-2009"]
[Site "Loire"]
[Date "2009.03.07"]
[Round "8.2"]
[White "Moleins, Adrien"]
[Black "Mazet, Christian"]
[Result "1-0"]
[WhiteElo "1582"]
[BlackElo "1570"]
[PlyCount "37"]
[EventDate "2009.??.??"]

1. e4 e5 2. Nf3 Nc6 3. Bc4 Nf6 4. d4 Nxe4 5. dxe5 Nc5 6. Nc3 Ne6 7. O-O Qe7 8.
Re1 Qc5 9. Bb5 a6 10. Ba4 Be7 11. a3 b5 12. Bb3 Bb7 13. Be3 Ncd4 14. Bxd4 Bxf3
15. Qxf3 Qxd4 16. Qxa8+ Bd8 17. Rad1 Qg4 18. Qd5 O-O 19. Qxd7 1-0

[Event "Open Loire 2008-2009"]
[Site "Loire"]
[Date "2009.03.07"]
[Round "8.3"]
[White "Gregoire, Patrick"]
[Black "Desassis, Maxence"]
[Result "0-1"]
[WhiteElo "1560"]
[BlackElo "1570"]
[PlyCount "82"]
[EventDate "2009.??.??"]

1. e4 c5 2. Nf3 Nc6 3. d4 cxd4 4. Nxd4 Nf6 5. Nc3 Qa5 6. Bd2 Nxd4 7. Nd5 Qa4 8.
b3 Qc6 9. Nxf6+ Qxf6 10. Bc3 e5 11. Bxd4 exd4 12. a3 Bc5 13. b4 Bb6 14. Bd3 O-O
15. O-O a5 16. b5 Bc5 17. Qh5 b6 18. e5 Qh6 19. Qf3 Rb8 20. Qg3 Bb7 21. Rfe1
Rfe8 22. Re2 d6 23. f4 Re6 24. f5 Rxe5 25. Rxe5 dxe5 26. Qxe5 Qe3+ 27. Qxe3
dxe3 28. Kf1 Re8 29. a4 Be4 30. Ke2 Bxd3+ 31. cxd3 h5 32. h3 Re7 33. g4 Rd7 34.
Rf1 hxg4 35. hxg4 Rd4 36. Kxe3 Rxg4+ 37. Ke2 Rxa4 38. f6 Ra2+ 39. Kf3 gxf6 40.
Ke4 Kg7 41. Kf5 Rf2+ 0-1

[Event "Open Loire 2008-2009"]
[Site "Loire"]
[Date "2009.03.07"]
[Round "8.4"]
[White "Trottet, Francois"]
[Black "Moleins, Jean-Pierre"]
[Result "0-1"]
[WhiteElo "1480"]
[BlackElo "1730"]
[PlyCount "77"]
[EventDate "2009.??.??"]

1. e4 b6 2. Nf3 Bb7 3. Nc3 e6 4. d4 d6 5. Bd3 Be7 6. Qe2 Nd7 7. Bf4 h6 8. h4
Rc8 9. O-O-O c5 10. d5 e5 11. Bd2 Nb8 12. Rdg1 Nf6 13. g4 a6 14. g5 Nfd7 15.
Qf1 b5 16. gxh6 gxh6 17. Qh3 c4 18. Be2 Nf6 19. h5 b4 20. Nd1 Nxe4 21. Bxb4
Bxd5 22. c3 Nc6 23. Ba3 Be6 24. Qf1 d5 25. Bxe7 Qxe7 26. Kb1 Rb8 27. Ne3 Nxc3+
28. Ka1 Qb4 29. Nxc4 dxc4 30. Qc1 Nxe2 31. Qc2 Ned4 32. Nxd4 Nxd4 33. Qc3 Qa4
34. Re1 Nc2+ 35. Kb1 Nxe1 36. Rxe1 f6 37. f4 Rb5 38. fxe5 Rxe5 39. Rxe5 0-1

[Event "Open Loire 2008-2009"]
[Site "Loire"]
[Date "2009.03.07"]
[Round "8.5"]
[White "Volay, Pascal"]
[Black "Chambosse, Alexis"]
[Result "1-0"]
[WhiteElo "1450"]
[BlackElo "1540"]
[PlyCount "75"]
[EventDate "2009.??.??"]

1. e4 e5 2. Nf3 Nc6 3. d4 exd4 4. Nxd4 Nxd4 5. Qxd4 b6 6. Nc3 Bb7 7. Qe5+ Ne7
8. Bd3 d6 9. Qg3 g6 10. O-O Bg7 11. Bd2 O-O 12. Rab1 d5 13. exd5 Nxd5 14. Nxd5
Bxd5 15. b3 Qd7 16. Bf4 Rac8 17. Ba6 Rce8 18. Bxc7 Re6 19. Bf4 b5 20. Qd3 Rxa6
21. c4 bxc4 22. bxc4 Qg4 23. cxd5 Rxa2 24. Be3 Rd8 25. d6 Bf8 26. Rfd1 Rxd6 27.
Qb3 Rxd1+ 28. Qxd1 Qxd1+ 29. Rxd1 a5 30. g3 a4 31. Rd8 Kg7 32. Bd4+ Kg8 33. Bc5
a3 34. Rxf8+ Kg7 35. Rd8 Ra1+ 36. Kg2 a2 37. Bd4+ f6 38. Bxa1 1-0

[Event "Open Loire 2008-2009"]
[Site "Loire"]
[Date "2009.03.07"]
[Round "8.6"]
[White "Rasle, Jean-Michel"]
[Black "Desassis, Jean-Francois"]
[Result "1-0"]
[WhiteElo "1620"]
[BlackElo "1520"]
[PlyCount "57"]
[EventDate "2009.??.??"]

1. d4 f5 2. c4 Nf6 3. Nc3 c6 4. Nf3 g6 5. e3 Bg7 6. Bd3 O-O 7. O-O d5 8. b3 Be6
9. Ba3 Qc7 10. Rc1 Nbd7 11. Bxe7 Rf7 12. Bxf6 Nxf6 13. Ne5 Ng4 14. f4 Bxe5 15.
dxe5 Nxe3 16. Qe2 Nxf1 17. Qxf1 Qb6+ 18. Kh1 d4 19. Ne2 c5 20. Ng1 h5 21. Nf3
Rh7 22. Ng5 Rh6 23. Qf3 Bd7 24. Re1 Bc6 25. Qe2 Qb4 26. e6 h4 27. h3 b6 28. e7
Re8 29. Qe6+ 1-0

[Event "Open Loire 2008-2009"]
[Site "Loire"]
[Date "2009.03.07"]
[Round "8.7"]
[White "Brachet, Gerard"]
[Black "Chabas, Jean-Luc"]
[Result "0-1"]
[WhiteElo "1400"]
[BlackElo "1570"]
[PlyCount "62"]
[EventDate "2009.??.??"]

1. d4 d5 2. Nf3 Nf6 3. b3 e6 4. Nbd2 c5 5. e3 Nc6 6. Be2 Be7 7. O-O cxd4 8.
exd4 b6 9. Bb2 Bb7 10. a3 O-O 11. Rc1 Rc8 12. b4 Nb8 13. c3 Nbd7 14. Bd3 Ne8
15. Qc2 Nef6 16. Ng5 h6 17. Nh7 Nxh7 18. Bxh7+ Kh8 19. Qd3 Nf6 20. Bg6 fxg6 21.
Qxg6 Qe8 22. Qg3 Nh5 23. Qe5 Qg6 24. Nf3 Nf4 25. g3 Nd3 26. Nh4 Bxh4 27. Qe3
Nxc1 28. Qxc1 Rf3 29. Kg2 Rcf8 30. Qd2 Bg5 31. Qe2 Qe4 0-1

[Event "Open Loire 2008-2009"]
[Site "Loire"]
[Date "2009.03.07"]
[Round "8.8"]
[White "Swietlicki, Jordan"]
[Black "Megnot, Philippe"]
[Result "0-1"]
[WhiteElo "1210"]
[BlackElo "1450"]
[PlyCount "104"]
[EventDate "2009.??.??"]

1. e4 e6 2. d4 d5 3. e5 c5 4. Nf3 cxd4 5. Nxd4 Bc5 6. Be3 Ne7 7. Nc3 a6 8. Be2
Nd7 9. O-O Nxe5 10. a3 O-O 11. b4 Bd6 12. Qd2 N5g6 13. b5 e5 14. Nb3 d4 15.
Nxd4 exd4 16. Bxd4 Bc5 17. Rfd1 Bxd4 18. Qxd4 Qc7 19. Rd3 Bf5 20. Rd2 Rfd8 21.
Qe3 Rxd2 22. Qxd2 Rd8 23. Bd3 Nf4 24. Qe1 Nxd3 25. cxd3 Bxd3 26. b6 Qc5 27. h3
Bg6 28. Rd1 Rxd1 29. Nxd1 h6 30. a4 Nc6 31. Kh1 Qxb6 32. f4 Qb3 33. Kh2 Qxa4
34. Qe8+ Kh7 35. f5 Qf4+ 36. g3 Qd2+ 37. Kg1 Qxd1+ 38. Kf2 Qd2+ 39. Kf3 Qd3+
40. Kf4 Qxf5+ 41. Ke3 Qd3+ 42. Kf4 Qd4+ 43. Kf3 Ne5+ 44. Ke2 Qd3+ 45. Ke1 Qxg3+
46. Kd2 Nc4+ 47. Ke2 Qd3+ 48. Kf2 Qd4+ 49. Ke2 Nb2 50. Ke1 b5 51. Qe2 Bd3 52.
Qd2 Qg1# 0-1

[Event "Open Loire 2008-2009"]
[Site "Loire"]
[Date "2009.03.07"]
[Round "8.9"]
[White "Buisine, Roman"]
[Black "Rogues, Jean-Luc"]
[Result "1-0"]
[WhiteElo "1590"]
[BlackElo "1360"]
[PlyCount "75"]
[EventDate "2009.??.??"]

1. e4 e5 2. Nf3 Nc6 3. Bb5 f6 4. Bxc6 dxc6 5. h3 Bc5 6. c3 Be6 7. d4 exd4 8.
cxd4 Bb4+ 9. Nc3 Ne7 10. O-O O-O 11. Be3 f5 12. Ng5 Bf7 13. Nxf7 Rxf7 14. exf5
Nxf5 15. Qb3 Bxc3 16. bxc3 Nxe3 17. fxe3 Qe7 18. Rxf7 Qxf7 19. Qxb7 Rf8 20. Qb2
Kh8 21. Qe2 Kg8 22. Rf1 Qxf1+ 23. Qxf1 Rxf1+ 24. Kxf1 Kf7 25. e4 Ke6 26. Ke2
Kd6 27. Kd3 c5 28. Kc4 cxd4 29. cxd4 c6 30. e5+ Ke6 31. Kc5 Kd7 32. e6+ Kxe6
33. Kxc6 Ke7 34. d5 Kd8 35. a4 h6 36. a5 g6 37. a6 g5 38. Kb7 1-0

[Event "Open Loire 2008-2009"]
[Site "Loire"]
[Date "2009.03.07"]
[Round "8.10"]
[White "Schlick, Paul"]
[Black "Kotur, Sava"]
[Result "1-0"]
[WhiteElo "1380"]
[BlackElo "1650"]
[PlyCount "93"]
[EventDate "2009.??.??"]

1. d4 d5 2. Nf3 Nf6 3. c4 c6 4. Bf4 g6 5. e3 Bg7 6. Nc3 O-O 7. Bd3 a6 8. Qb3
Nh5 9. Bxb8 Rxb8 10. cxd5 Bg4 11. Be2 cxd5 12. Qxd5 Qb6 13. Rb1 Rbc8 14. O-O
Be6 15. Qg5 Nf6 16. Qg3 Bf5 17. Na4 Qb4 18. Nc5 Bxb1 19. Rxb1 a5 20. a3 Qb6 21.
Ne5 Rxc5 22. dxc5 Qxc5 23. Bd3 Rd8 24. Be2 Ne4 25. Nd3 Rxd3 26. Qb8+ Bf8 27.
Bxd3 Nd6 28. b4 axb4 29. axb4 Qb6 30. b5 Kg7 31. Rc1 e6 32. Rc6 Qa5 33. Rxd6
Bxd6 34. Qxd6 Qd2 35. Qe5+ Kh6 36. Bf1 Qd8 37. Qd4 Qe8 38. b6 Qc6 39. g3 Qc8
40. Qd6 Kg7 41. Qc7 Qa8 42. h3 h5 43. Bg2 Qa1+ 44. Kh2 Qb2 45. f4 Qf2 46. Qxb7
Qxe3 47. h4 1-0

[Event "Open Loire 2008-2009"]
[Site "Loire"]
[Date "2009.03.07"]
[Round "8.11"]
[White "Joly, Christian"]
[Black "Boeuf, Jean Julien"]
[Result "0-1"]
[WhiteElo "1490"]
[BlackElo "1280"]
[PlyCount "97"]
[EventDate "2009.??.??"]

1. e4 d6 2. d4 Nf6 3. Bg5 g6 4. Nc3 Bg7 5. f4 O-O 6. e5 dxe5 7. dxe5 Nfd7 8.
Nf3 f6 9. Bc4+ Kh8 10. exf6 exf6 11. Bh4 Re8+ 12. Ne2 Qe7 13. Qd2 Nb6 14. Bd3
Be6 15. O-O c5 16. c3 Nc6 17. Rfe1 Qf7 18. Bf2 Nd7 19. b3 a6 20. Rad1 Rad8 21.
Qc2 b5 22. Be4 Ne7 23. Rd2 f5 24. Bc6 Nxc6 25. Red1 c4 26. Ng5 Qf6 27. bxc4
Bxc4 28. Rxd7 Rxd7 29. Rxd7 Rxe2 30. Qd1 Rxa2 31. Qe1 Re2 32. Qd1 h6 33. Nf7+
Kh7 34. Nd8 Nxd8 35. Bd4 Qf8 36. Rxg7+ Qxg7 37. Bxg7 Kxg7 38. Qd7+ Nf7 39. Qd4+
Kh7 40. Qf6 a5 41. Qa6 a4 42. Qa7 Rc2 43. Qd4 a3 44. Qd1 Re2 45. h3 a2 46. Kh2
g5 47. fxg5 hxg5 48. Qc1 Kg6 49. Qa1 0-1

[Event "Open Loire 2008-2009"]
[Site "Loire"]
[Date "2009.03.07"]
[Round "8.12"]
[White "Rasle, Corentin"]
[Black "Massard, Quentin"]
[Result "1-0"]
[WhiteElo "1420"]
[BlackElo "1200"]
[PlyCount "75"]
[EventDate "2009.??.??"]

1. d4 g6 2. c4 Bg7 3. e4 e5 4. Be3 d6 5. Nf3 Nf6 6. Bd3 O-O 7. dxe5 dxe5 8. O-O
Ng4 9. Qd2 b6 10. Nc3 Bb7 11. Rfd1 Nc6 12. h3 Nf6 13. Bg5 Qe7 14. Nd5 Qd7 15.
Nxc7 Qc8 16. Nd5 h6 17. Bxf6 Bxf6 18. Nxf6+ Kg7 19. Ng4 Rd8 20. Nfxe5 Nb4 21.
Qxb4 Rf8 22. Qe7 Qe8 23. Qxb7 Qe6 24. Qd7 Qf6 25. b4 Rad8 26. Qxa7 Rde8 27. Qc7
Rd8 28. Qc6 Rd6 29. Qa4 Re6 30. Qa6 Rd6 31. c5 bxc5 32. Qb5 cxb4 33. Qxb4 Rb6
34. Qa5 Ra6 35. Qxa6 Qe7 36. Rab1 Re8 37. Rb7 Qf8 38. Qa7 1-0

[Event "Open Loire 2008-2009"]
[Site "Loire"]
[Date "2009.03.07"]
[Round "8.13"]
[White "Liogier, Pascal"]
[Black "Allabrune, Guillaume"]
[Result "0-1"]
[WhiteElo "1499"]
[BlackElo "1250"]
[PlyCount "26"]
[EventDate "2009.??.??"]

1. d4 d5 2. c4 Nf6 3. Nc3 Bg4 4. Qb3 Nc6 5. Qxb7 Nxd4 6. Kd1 dxc4 7. Nf3 Nxf3+
8. Kc2 Nd4+ 9. Kb1 Nxe2 10. Qc6+ Bd7 11. Qc5 Nxc3+ 12. bxc3 Rb8+ 13. Kc2 Ba4#
0-1

[Event "Open Loire 2008-2009"]
[Site "Loire"]
[Date "2009.03.07"]
[Round "8.14"]
[White "Daillere, Roland"]
[Black "Victoria, Philippe"]
[Result "1-0"]
[WhiteElo "1410"]
[BlackElo "1199"]
[PlyCount "83"]
[EventDate "2009.??.??"]

1. e4 c5 2. Nf3 g6 3. Bc4 Nf6 4. Ng5 e6 5. d4 d5 6. Bb5+ Bd7 7. Bxd7+ Qxd7 8.
O-O Bg7 9. e5 Ne4 10. Nxe4 dxe4 11. dxc5 Qxd1 12. Rxd1 Bxe5 13. Bh6 Nc6 14. c3
Rd8 15. Rxd8+ Kxd8 16. Na3 Ke7 17. Rd1 Rd8 18. Rxd8 Kxd8 19. Nc4 Bf6 20. Nd6
Ne5 21. Nxe4 Be7 22. b4 b6 23. cxb6 axb6 24. Ng5 f6 25. Nxe6+ Kd7 26. Nd4 g5
27. f4 Nf7 28. fxg5 fxg5 29. Bg7 Kd6 30. Nf5+ Kd7 31. Nxe7 Kxe7 32. Bd4 g4 33.
Bxb6 Nd6 34. Kf2 Nc4 35. Bc5+ Ke6 36. Kg3 Ne5 37. Bd4 h5 38. Bxe5 Kxe5 39. b5
Kd6 40. Kh4 Kc5 41. a4 Kb6 42. Kxh5 1-0

[Event "Open Loire 2008-2009"]
[Site "Loire"]
[Date "2009.03.07"]
[Round "8.15"]
[White "Martin, Julien"]
[Black "Paratcha, Yohan"]
[Result "0-1"]
[WhiteElo "1450"]
[BlackElo "1390"]
[PlyCount "74"]
[EventDate "2009.??.??"]

1. e4 c6 2. d4 d5 3. Nc3 Nf6 4. exd5 cxd5 5. Nf3 Nc6 6. Bb5 Bd7 7. O-O a6 8.
Bxc6 Bxc6 9. Ne5 Rc8 10. Qf3 e6 11. Bg5 Be7 12. Bxf6 Bxf6 13. Ng4 Bxd4 14. Rad1
Bxc3 15. bxc3 O-O 16. Ne5 Qg5 17. Nxc6 Rxc6 18. Rd4 Rfc8 19. Rg4 Qe7 20. Qe3 g6
21. Qh6 Qf8 22. Qh3 Rxc3 23. f3 Rxc2 24. Rh4 Qg7 25. Qg3 Rxa2 26. Rb4 b5 27.
Rbb1 Qd4+ 28. Kh1 Rac2 29. Rbd1 Qb2 30. Rb1 Qc3 31. h4 Rb2 32. Rxb2 Qxb2 33. h5
Rc1 34. Rxc1 Qxc1+ 35. Kh2 Qh6 36. Qb8+ Qf8 37. Qg3 b4 0-1

[Event "Open Loire 2008-2009"]
[Site "Loire"]
[Date "2009.03.07"]
[Round "8.16"]
[White "Laffin, Mickael"]
[Black "Choquelle, Jean"]
[Result "1-0"]
[WhiteElo "1199"]
[BlackElo "1120"]
[PlyCount "22"]
[EventDate "2009.??.??"]

1. e4 Nc6 2. Nc3 Nf6 3. Nf3 d5 4. d3 e5 5. d4 Nxe4 6. Nxe4 dxe4 7. Bb5 Bd6 8.
dxe5 O-O 9. exd6 cxd6 10. Ng5 Qa5+ 11. Bd2 Qxb5 1-0